El Estado y los empresarios en la historia económica del Perú independiente / (Record no. 22917)

000 -CABECERA
fixed length control field 01832nam a22002777i 4500
003 - IDENTIFICADOR DEL NÚMERO DE CONTROL
control field AR-CdUCM
008 - DATOS DE LONGITUD FIJA--INFORMACIÓN GENERAL
fixed length control field 240522b20222022 pe||||| |||| 00| 0 spa d
020 ## - NÚMERO INTERNACIONAL ESTÁNDAR DEL LIBRO
ISBN 978-612-49142-3-2
040 ## - FUENTE DE LA CATALOGACIÓN
Agencia/entidad que catalogó originalmente la obra MUNICIPALIDAD PROVINCIAL DEL CUSCO
Entidad que transcribió la catalogación BIBLIOTECA MUNICIPAL DEL CUSCO
082 ## - NÚMERO DE LA CLASIFICACIÓN DECIMAL DEWEY
No. de Clasificación 330.985 / C765
Notacion interna C765
100 ## - ENTRADA PRINCIPAL--NOMBRE DE PERSONA
Nombre Personal Contreras Carranza, Carlos.
245 ## - MENCIÓN DE TÍTULO
Título El Estado y los empresarios en la historia económica del Perú independiente /
260 ## - PUBLICACIÓN, DISTRIBUCIÓN, ETC.
Lugar de publicación, distribución, etc. Lima :
Nombre de la editorial, distribuidor, etc. Ministerio de Cultura del Perú,
-- Proyecto Especial Bicentenario de la Independencia del Perú,
Fecha de publicación, distribución, etc. 2022
300 ## - DESCRIPCIÓN FÍSICA
Nº de Páginas Extensión 208 páginas. :
Dimensiones 21 cm.
500 ## - NOTA GENERAL
Bibliografía Bibliografía: páginas 199 - 206
505 ## - NOTA DE CONTENIDO CON FORMATO
Nota de contenido formateada El estado y la economía en la república inicial, 1821-1879 -- La independencia y la reestructuración del sistema empresarial, 1821-1896 -- El modelo exportador mejorado, entre finales del siglo XIX y mediados del XX -- La formación del empresariado moderno 1896-1960 -- La búsqueda de alternativas, 1962-1990 -- El desarrollo dirigido por el estado y el sistema empresarial, 1960-1990 -- El retorno a la ortodoxia, 1990 a 2021 -- El sistema empresarial peruano frente al reto de una nueva economía global 1990-2020
650 ## - PUNTO DE ACCESO ADICIONAL DE MATERIA--TÉRMINO DE MATERIA
Descriptor El estado y la economía en la república inicial, 1821-1879
9 (RLIN) 49956
650 ## - PUNTO DE ACCESO ADICIONAL DE MATERIA--TÉRMINO DE MATERIA
Descriptor La independencia y la reestructuración del sistema empresarial, 1821-1896
9 (RLIN) 49957
650 ## - PUNTO DE ACCESO ADICIONAL DE MATERIA--TÉRMINO DE MATERIA
Descriptor El modelo exportador mejorado, entre finales del siglo XIX y mediados del XX
9 (RLIN) 49958
650 ## - PUNTO DE ACCESO ADICIONAL DE MATERIA--TÉRMINO DE MATERIA
Descriptor El desarrollo dirigido por el estado y el sistema empresarial, 1960-1990
9 (RLIN) 49959
650 ## - PUNTO DE ACCESO ADICIONAL DE MATERIA--TÉRMINO DE MATERIA
Descriptor El sistema empresarial peruano frente al reto de una nueva economía global 1990-2020
9 (RLIN) 49960
700 ## - PUNTO DE ACCESO ADICIONAL--NOMBRE DE PERSONA
Nombre Personal Martín Monsalve Zanatti
9 (RLIN) 49961
856 ## - LOCALIZACIÓN Y ACCESO ELECTRÓNICOS
Dirección electrónica www.bicentenario.gob.pe/biblioteca
942 ## - ELEMENTOS DE PUNTO DE ACCESO ADICIONAL (KOHA)
Fuente de clasificación
Tipo de item Libros-BMC
945 ## - PROCESAMIENTO DE INFORMACIÓN LOCAL (OCLC)
Catalogador pbj
AAAA-MM-DD - Fecha de ingreso o modificacion 2024-05-22
Holdings
Estado de retiro (separado) Fuente de clasificación o esquema de estanterías Estado dañado Ubicación Sala donde se ubica Nombre de la colección Fecha de adquisición o compra Fuente de adquisición Costo, precio normal en soles Signatura topográfica Código de Barras Última vez visto (Koha) Tipo de ítem (Koha)
No     Sala Humanidades Sala Humanidades Book Cart 2024-05-22 Depósito Legal 20.00 330.985 / C765 SH0000016754 2024-05-22 Libros-BMC

Powered by Koha